| 000 | 00866nac a22002657a 4500 | ||
|---|---|---|---|
| 001 | BR9903496 | ||
| 003 | BR-BrBNA | ||
| 005 | 20240105122241.0 | ||
| 008 | 230509b bl.|||m| |||| 00| 0 por d | ||
| 040 |
_aBR-BrBNA _bpor _cBiblioteca Nacional de Agricultura |
||
| 072 | _aP33 | ||
| 090 | _aP33 BR9903496 | ||
| 100 | 1 | _aAlcarde, J.C. | |
| 110 | 1 |
_aAssociacao Nacional para Difusao de Adubos e Corretivos Agricolas, Sao Paulo, SP (Brasil) _9681 |
|
| 245 | 1 | _aCorretivos da acidez dos solos | |
| 260 | 3 |
_aSao Paulo, SP (Brasil): _c1992. |
|
| 300 | _a26 p. | ||
| 490 |
_aBoletim Tecnico - Associacao Nacional para Difusao de Adubos e Corretivos Agricolas (Brazil) _vno. 6 _x |
||
| 500 | _a15 ref.; 6 tables | ||
| 650 | _aSolo | ||
| 650 | _aAcidez do Solo | ||
| 650 | _aCorretivo | ||
| 909 |
_a202312 _bLúcia Elande _c55 _dLúcia Elande |
||
| 942 |
_2AGRIS _n0 _cMS |
||
| 999 |
_c290027 _d290027 |
||